Discovering statistics using IBM SPSS statistics (Record no. 394364)
[ view plain ]
| 000 -LEADER | |
|---|---|
| fixed length control field | 00557 a2200217 4500 |
| 005 - DATE & TIME | |
| control field | 20260210110203.0 |
| 008 - FIXED-LENGTH DATA ELEMENTS--GENERAL INFORMATION | |
| fixed length control field | 260206b |||||||| |||| 00| 0 eng d |
| 020 ## - ISBN | |
| International Standard Book Number | 9781524630015 |
| Price | £ 59.00 |
| 040 ## - CATALOGING SOURCE | |
| Original cataloging agency | VIVEKANANDA LIBRARY |
| 082 ## - DDC NUMBER | |
| Classification number | 519.5 |
| Book Number | F453D(6) |
| 100 ## - MAIN ENTRY--PERSONAL NAME | |
| Personal name | Field, Andy |
| 245 ## - TITLE STATEMENT | |
| Title | Discovering statistics using IBM SPSS statistics |
| 250 ## - EDITION STATEMENT | |
| Edition statement | 6th |
| 260 ## - PUBLICATION, DISTRIBUTION, ETC. (IMPRINT) | |
| Name of publisher, distributor, etc | Sage |
| Date of publication, distribution, etc | 2024 |
| Place of publication, distribution, etc | New Delhi |
| 300 ## - PHYSICAL DESCRIPTION | |
| Pages | xxxii, 1110 |
| 650 ## - Subject | |
| Subject | Statistics |
| 650 ## - Subject | |
| Subject | Statistical Mathematics |
| 650 ## - Subject | |
| Subject | Computer Programs |
| 650 ## - Subject | |
| Subject | IBM SPSS |
| 942 ## - ADDED ENTRY ELEMENTS (KOHA) | |
| Koha item type | Books |
| Withdrawn status | Lost status | Source of classification or shelving scheme | Damaged status | Not for loan | Location (home branch) | Sublocation or collection (holding branch) | Shelving location | Date acquired | Koha issues (times borrowed) | Koha full call number | Accession No. | Koha date last seen | Koha item type |
|---|---|---|---|---|---|---|---|---|---|---|---|---|---|
| Dewey Decimal Classification | VIVEKANANDA LIBRARY | VIVEKANANDA LIBRARY | Vivekananda Library | 22/01/2026 | 1 | 519.5 F453D(6) | 444490 | 10/03/2026 | Books | ||||
| Dewey Decimal Classification | VIVEKANANDA LIBRARY | VIVEKANANDA LIBRARY | Chaudhry Ranbir Singh Inst. of Social and Economic Change | 28/01/2026 | 519.5 F453D(6) | 444805 | 28/01/2026 | Books |
